000 00453nam a2200157 i 4500
001 81866
003 ES-MaACL
005 20230906174528.0
007 t|
008 041108s1961 sp ||||1| spa d
100 1 _aIglesias Barba, María Isabel.
_965096
245 1 0 _aGramática sucinta de la lengua inglesa /
_cMaría Isabel Iglesias.
260 _aBarcelona :
_bHerder,
_c1961.
300 _a288 p. ;
_c19 cm.
852 _aES-MaACL
_jC-20149
_bR.48518
999 _c81866
_d81866